000 00611nam a2200169 a 4500
008 120416s1994 ||||||||||||||||| || u
020 _a0889367256
050 _aK 89 Cru
245 1 0 _aPeople, plants, and patents
246 _athe impact of intellectual property on biodiversity, conservation, trade and rural society
260 _aOttawa
_bIDRC
_c1994
300 _axxiii, 116p. : ill
350 _a0.00
650 _aLAW
650 _aLAW--PATENTS
995 _D0.00
_FCBU-MAIN LIBRARY (Kitwe)
_H1
_I15.00
_M1
_UAVAILABLE
_ZMain Library Open Access Collection
999 _c53306
_d53306